000 00583nam a2200157 i 4500
001 bg
245 0 _aBadania i technologia zabezpieczeń antykorozyjnych konstrukcji przemysłowych :
_bIV Konferencja Naukowo-Techniczna "Technologia robót antykorozyjnych Kontra'77", Łódź, 17-18 pażdziernik 1977.
260 _aSzczecin,
_c1977.
490 1 _aPrace Naukowe Politechniki Szczecińskiej ;
_vnr 89
830 _aPrace Naukowe Politechniki Szczecińskiej ;
040 _cBPK
041 _apol
080 _a624:620.19
942 _cKS
008 s pl f |000 0 pol
999 _c17512
_d17512